Central Library OPAC University of Rajshahi

From purdah to Parliament / (Record no. 26714)

MARC details
000 -LEADER
fixed length control field 00793nam a22002532a 4500
001 - CONTROL NUMBER
control field 26714
003 - CONTROL NUMBER IDENTIFIER
rucl marc code BD-RjUL
005 - DATE AND TIME OF LATEST TRANSACTION
control field 20211209051045.0
008 - FIXED-LENGTH DATA ELEMENTS--GENERAL INFORMATION
fixed length control field 140323t1963 enkc 000 0 eng d
035 ## - SYSTEM CONTROL NUMBER
System control number (BD-RjUL)26784
040 ## - CATALOGING SOURCE
Original cataloging agency DLC
Transcribing agency IWU
Modifying agency OCL
-- SOI
-- UKM
-- EQO
-- BD-RjUL
Language of cataloging eng
041 ## - LANGUAGE CODE
Language code of text/sound track or separate title eng
082 04 - DEWEY DECIMAL CLASSIFICATION NUMBER
Classification number 954.7
Author mark and year IKF 1963
100 1# - MAIN ENTRY--PERSONAL NAME
Personal name Ikramullah, Shaista Suhrawardy,
Dates associated with a name 1915-2000
9 (RLIN) 82085
245 10 - TITLE STATEMENT
Title From purdah to Parliament /
Statement of responsibility, etc. by Begum Shaista S. Ikramullah.
260 ## - PUBLICATION, DISTRIBUTION, ETC. (IMPRINT)
Place of publication, distribution, etc. London :
Name of publisher, distributor, etc. Cressent Press,
Date of publication, distribution, etc. 1963.
300 ## - PHYSICAL DESCRIPTION
Pagination xi, 168 p., plates :
Illustrations ports. ;
Size 23 cm.
500 ## - GENERAL NOTE
General note Autobiography
650 #0 - SUBJECT ADDED ENTRY--TOPICAL TERM
Topical term or geographic name as entry element Ikramullah, Shaista Suhrawardy,
Active dates 1915-
9 (RLIN) 82086
651 #0 - SUBJECT ADDED ENTRY--GEOGRAPHIC NAME
Geographic name Pakistan
General subdivision Politics and government
9 (RLIN) 82087
942 ## - ADDED ENTRY ELEMENTS (KOHA)
Source of classification or shelving scheme Dewey Decimal Classification
Koha item type Books
Holdings
Lost status Source of classification or shelving scheme Damaged status Not for loan Collection code Permanent Location Current Location Shelving location Date acquired Source of acquisition Cost, normal purchase price Total Checkouts Full call number Date last seen Copy number Koha item type Date checked out
  Dewey Decimal Classification     Non-fiction Central Library, University of Rajshahi Central Library, University of Rajshahi   08/09/1973 standard pub. ltd 31.25   954.7 IKF 1963 23/03/2014 C-3 Books  
  Dewey Decimal Classification     Non-fiction Central Library, University of Rajshahi Central Library, University of Rajshahi   06/02/1967 Ashraf 18.75 2 954.7 IKF 1963 12/07/2023 C-2 Books 06/06/2023